[Event "Andalucia-chT Honor Occidental"]
[Site "Andalucia"]
[Date "2018.11.17"]
[Round "6.13"]
[White "Aranaz Portugues, Jose Carlos"]
[Black "Onate Mendez, Elias"]
[Result "1/2-1/2"]
[WhiteElo "2112"]
[BlackElo "2207"]
[PlyCount "120"]
[EventDate "2018.09.30"]
[EventType "team-tourn"]
[EventRounds "7"]
[EventCountry "ESP"]
[SourceTitle "EXT 2020"]
[Source "ChessBase"]
[SourceDate "2019.10.17"]
[SourceVersion "1"]
[SourceVersionDate "2019.10.17"]
[SourceQuality "1"]
[WhiteTeam "Espartinas Alekhine"]
[BlackTeam "Shahmat"]
[WhiteTeamCountry "ESP"]
[BlackTeamCountry "ESP"]

1. d4 d5 2. c4 c6 3. cxd5 cxd5 4. Bg5 Nc6 5. Nc3 Nf6 6. Bxf6 exf6 7. e3 Be6 8. Be2 Qd7 9. Bf3 g6 10. Nge2 Ne7 11. Qb3 Bh6 12. Rc1 0-0 13. 0-0 Rfc8 14. Na4 b6 15. Rxc8+ Rxc8 16. Rc1 Rc4 17. Nac3 Kg7 18. Qb5 Qxb5 19. Nxb5 Rb4 20. Nec3 a6 21. Nc7 Rxd4 22. Nxa6 Rd2 23. b3 d4 24. exd4 Rxd4 25. Rd1 Rxd1+ 26. Bxd1 Nd5 27. Nxd5 Bxd5 28. Nb4 Bb7 29. Be2 Bd2 30. Nc2 Bc3 31. f3 f5 32. Kf2 f4 33. Bc4 f5 34. Ke2 Kf6 35. Kd3 Be5 36. Nb4 Kg5 37. Bd5 Bd6 38. Bxb7 Bxb4 39. Kc4 Bc5 40. Kd3 Kf6 41. Bd5 Ke5 42. Bg8 h6 43. Kc4 g5 44. a4 Bg1 45. h3 h5 46. Bf7 h4 47. b4 g4 48. Bh5 g3 49. Be8 Kd6 50. Bb5 Bf2 51. Ba6 Bg1 52. Bb7 Bf2 53. a5 bxa5 54. bxa5 Ba7 55. a6 Bg1 56. Bc8 Bf2 57. Bxf5 Bg1 58. Bc8 Bf2 59. Kd3 Ke5 60. Bb7 Bg1 1/2-1/2

[Event "Andalucia-chT Honor Occidental"]
[Site "Andalucia"]
[Date "2018.11.17"]
[Round "5.8"]
[White "Esquivias Quintero, Luis Manuel"]
[Black "Aranaz Portugues, Jose Carlos"]
[Result "0-1"]
[WhiteElo "2251"]
[BlackElo "2112"]
[PlyCount "70"]
[EventDate "2018.09.30"]
[EventType "team-tourn"]
[EventRounds "7"]
[EventCountry "ESP"]
[SourceTitle "EXT 2020"]
[Source "ChessBase"]
[SourceDate "2019.10.17"]
[SourceVersion "1"]
[SourceVersionDate "2019.10.17"]
[SourceQuality "1"]
[WhiteTeam "Gomez Feria CAS"]
[BlackTeam "Espartinas Alekhine"]
[WhiteTeamCountry "ESP"]
[BlackTeamCountry "ESP"]

1. e4 e6 2. d4 d5 3. Nd2 Nf6 4. e5 Nfd7 5. c3 c5 6. Bd3 Nc6 7. Ngf3 a6 8. 0-0 b5 9. Re1 Bb7 10. a3 Be7 11. dxc5 Nxc5 12. Nb3 Nxb3 13. Qxb3 Rc8 14. Qd1 0-0 15. Bc2 Qc7 16. Qd3 g6 17. Bf4 Rfd8 18. Ng5 Bxg5 19. Bxg5 Nxe5 20. Qh3 Re8 21. Qh6 Ng4 22. Qh4 f5 23. h3 Qh2+ 24. Kf1 d4 25. f3 Qh1+ 26. Ke2 Qxg2+ 27. Kd1 dxc3 28. b4 Red8+ 29. Kc1 Rd2 30. Bb1 c2 31. Bxd2 cxb1Q+ 32. Kxb1 Qxd2 33. Ra2 Qd3+ 34. Ka1 Ne5 35. Rb1 Bd5 0-1

[Event "ESP-ch Seniors 50+"]
[Site "Altea"]
[Date "2017.10.15"]
[Round "9"]
[White "Aranaz Portugues, Jose Carlos"]
[Black "Elissalt Cardenas, Hector"]
[Result "0-1"]
[WhiteElo "2159"]
[BlackElo "2324"]
[PlyCount "88"]
[EventDate "2017.10.07"]
[EventType "swiss"]
[EventRounds "9"]
[EventCountry "ESP"]
[SourceTitle "CBM 181 Extra"]
[Source "ChessBase"]
[SourceDate "2017.12.12"]
[SourceVersion "1"]
[SourceVersionDate "2017.12.12"]
[SourceQuality "1"]

1. d4 Nf6 2. Bg5 e6 3. e4 h6 4. Bxf6 Qxf6 5. c3 d6 6. Bd3 Nd7 7. Ne2 b6 8. 0-0 Bb7 9. f4 g6 10. Nd2 Qe7 11. Qa4 a6 12. Rae1 Bg7 13. Ng3 0-0 14. e5 b5 15. Qd1 Rad8 16. exd6 Qxd6 17. Be4 Qb6 18. Bxb7 Qxb7 19. b4 Qd5 20. Nb3 Nb6 21. Qe2 Nc4 22. Qe4 a5 23. bxa5 Qxe4 24. Nxe4 Ra8 25. Nec5 Nxa5 26. Re2 Nc4 27. Nd3 Ra3 28. g4 Rfa8 29. Ndc1 Bf6 30. Kg2 Nb6 31. Rc2 R8a4 32. Rf3 Nd5 33. Nd2 b4 34. Nb1 Rxc3 35. Nxc3 bxc3 36. Ne2 Bxd4 37. Kg3 c5 38. Nc1 g5 39. fxg5 hxg5 40. h4 Be5+ 41. Kg2 Rxg4+ 42. Kf1 Rxh4 43. Ne2 g4 44. Rd3 c4 0-1

[Event "ESP-ch Seniors 50+"]
[Site "Altea"]
[Date "2017.10.09"]
[Round "3"]
[White "Lopez de Turiso, Jose Angel"]
[Black "Aranaz Portugues, Jose Carlos"]
[Result "0-1"]
[WhiteElo "2020"]
[BlackElo "2159"]
[PlyCount "104"]
[EventDate "2017.10.07"]
[EventType "swiss"]
[EventRounds "9"]
[EventCountry "ESP"]
[SourceTitle "CBM 181 Extra"]
[Source "ChessBase"]
[SourceDate "2017.12.12"]
[SourceVersion "1"]
[SourceVersionDate "2017.12.12"]
[SourceQuality "1"]

1. e4 e6 2. d4 d5 3. Nc3 Nf6 4. Bg5 Be7 5. e5 Nfd7 6. Bxe7 Qxe7 7. f4 0-0 8. Qd2 c5 9. Nf3 Nc6 10. dxc5 Qxc5 11. 0-0-0 a6 12. Nd4 b5 13. Nxc6 Qxc6 14. Ne2 Nb6 15. Nd4 Qc7 16. Bd3 Nc4 17. Qf2 Qa5 18. Kb1 Bd7 19. g4 Rfc8 20. Qh4 g6 21. f5 Qb4 22. Bxc4 bxc4 23. c3 Qf8 24. f6 Rcb8 25. Rd2 Rb6 26. Re1 Rab8 27. Ka1 Ba4 28. Re3 h5 29. Qg5 hxg4 30. h3 Qa3 31. Qh6 Qf8 32. Qf4 Qa3 33. Qh2 g3 34. Rxg3 Qf8 35. h4 Qh6 36. Rg5 Kf8 37. Nf3 Ke8 38. Qf2 Kd7 39. h5 gxh5 40. Qc5 Qf8 41. Qxf8 Rxf8 42. Rxh5 Rg8 43. Rh7 Ke8 44. Rdh2 Bc2 45. Rh8 Rxh8 46. Rxh8+ Kd7 47. Rf8 Bg6 48. Ng5 d4 49. cxd4 c3 50. b3 Rc6 51. Ra8 c2 52. Ra7+ Kc8 0-1

[Event "ESP-ch rapid"]
[Site "Linares"]
[Date "2016.08.14"]
[Round "1"]
[White "Arizmendi Martinez, Julen Luis"]
[Black "Aranaz Portugues, Jose Carlos"]
[Result "1-0"]
[WhiteElo "2496"]
[BlackElo "2135"]
[PlyCount "67"]
[EventDate "2016.08.14"]
[EventType "swiss (rapid)"]
[EventRounds "9"]
[EventCountry "ESP"]
[SourceTitle "CBM 173 Extra"]
[Source "ChessBase"]
[SourceDate "2016.08.29"]
[SourceVersion "1"]
[SourceVersionDate "2016.08.29"]
[SourceQuality "1"]

1. d4 Nf6 2. c4 c5 3. d5 b5 4. cxb5 a6 5. bxa6 g6 6. Nc3 d6 7. e4 Bxa6 8. Bxa6 Nxa6 9. Nf3 Bg7 10. Bf4 0-0 11. Qd2 Qa5 12. e5 Nh5 13. Bh6 dxe5 14. Bxg7 Nxg7 15. Nxe5 Qc7 16. Nc4 Nf5 17. 0-0 Rfd8 18. Rae1 Nb4 19. a3 Nc6 20. Re4 Rab8 21. Rfe1 Rd7 22. Qg5 Ncd4 23. Rf4 f6 24. Qg4 Kf7 25. Rfe4 h5 26. Qd1 Qa7 27. Qd3 Rbd8 28. h3 Qb7 29. Rf4 Qb8 30. g3 Rb7 31. Qe4 Qc8 32. g4 hxg4 33. hxg4 Ng7 34. Ne5+ 1-0

[Event "Seville op 41st"]
[Site "Seville"]
[Date "2016.01.15"]
[Round "8.11"]
[White "Sarkar, Justin"]
[Black "Aranaz Portugues, Jose Carlos"]
[Result "1-0"]
[WhiteElo "2407"]
[BlackElo "2162"]
[PlyCount "73"]
[EventDate "2016.01.08"]
[EventType "swiss"]
[EventRounds "9"]
[EventCountry "ESP"]
[SourceTitle "CBM 170 Extra"]
[Source "ChessBase"]
[SourceDate "2016.02.25"]
[SourceVersion "1"]
[SourceVersionDate "2016.02.25"]
[SourceQuality "1"]

1. d4 e6 2. e4 d5 3. Nd2 Nf6 4. e5 Ng8 5. Bd3 c5 6. c3 Nc6 7. Ne2 cxd4 8. cxd4 Qb6 9. 0-0 Bd7 10. Nf3 f6 11. exf6 Nxf6 12. b3 Bd6 13. Bf4 Bxf4 14. Nxf4 0-0 15. Re1 Ne4 16. g3 Nb4 17. Bxe4 dxe4 18. Rxe4 Nd5 19. Qd2 Nxf4 20. Rxf4 Rxf4 21. Qxf4 Bc6 22. Ne5 Bd5 23. Rc1 Qb4 24. Qf7+ Kh8 25. Qc7 Qf8 26. h4 g6 27. Nf7+ Kg8 28. Ng5 Qg7 29. Qxg7+ Kxg7 30. Rc7+ Kg8 31. Nxh7 Bc6 32. Nf6+ Kf8 33. Rh7 b6 34. g4 a5 35. h5 gxh5 36. g5 Be8 37. Nxe8 1-0

[Event "Seville op 41st"]
[Site "Seville"]
[Date "2016.01.10"]
[Round "3"]
[White "Aranaz Portugues, Jose Carlos"]
[Black "Fernandez Romero, Ernesto"]
[Result "0-1"]
[WhiteElo "2162"]
[BlackElo "2475"]
[PlyCount "92"]
[EventDate "2016.01.08"]
[EventType "swiss"]
[EventRounds "9"]
[EventCountry "ESP"]
[SourceTitle "CBM 170 Extra"]
[Source "ChessBase"]
[SourceDate "2016.02.25"]
[SourceVersion "1"]
[SourceVersionDate "2016.02.25"]
[SourceQuality "1"]

1. d4 Nf6 2. Bg5 Ne4 3. Bf4 e6 4. f3 Bd6 5. Bxd6 Nxd6 6. e4 Nc6 7. c4 Qh4+ 8. g3 Qh6 9. Qd2 Qxd2+ 10. Kxd2 Nxd4 11. c5 Nxf3+ 12. Nxf3 Nxe4+ 13. Ke3 Nxc5 14. b4 Na4 15. Bb5 Nb6 16. Nc3 c6 17. Bd3 d5 18. Rhf1 0-0 19. h4 f6 20. Kd2 Re8 21. Rae1 e5 22. Be2 Be6 23. a3 Rad8 24. h5 h6 25. Rh1 d4 26. Ne4 d3 27. Bd1 Nc4+ 28. Kc1 b6 29. a4 a5 30. bxa5 Nxa5 31. Nfd2 b5 32. Nc5 Bf7 33. Rh4 f5 34. Rb4 e4 35. Re3 Re5 36. Ncb3 Nc4 37. Nxc4 bxc4 38. Nd2 c3 39. Nc4 Rc5 40. Bb3 d2+ 41. Kd1 Bxh5+ 42. Re2 Bf7 43. g4 Kh7 44. g5 Bxc4 45. Bc2 Bxe2+ 46. Kxe2 d1Q+ 0-1

[Event "San Sebastian op 38th"]
[Site "San Sebastian"]
[Date "2015.03.31"]
[Round "5"]
[White "Aranaz Portugues, Jose Carlos"]
[Black "Llano Olabarrieta, Joseba"]
[Result "0-1"]
[WhiteElo "2121"]
[BlackElo "1958"]
[PlyCount "78"]
[EventDate "2015.03.28"]
[EventType "swiss"]
[EventRounds "9"]
[EventCountry "ESP"]
[SourceTitle "CBM 165 Extra"]
[Source "ChessBase"]
[SourceDate "2015.04.21"]
[SourceVersion "1"]
[SourceVersionDate "2015.04.21"]
[SourceQuality "1"]

1. d4 Nf6 2. Bg5 c5 3. d5 Qb6 4. Nc3 Qxb2 5. Bd2 Qb6 6. e4 d6 7. f4 e5 8. f5 Be7 9. Be2 Qd8 10. Rb1 a6 11. a4 Qc7 12. g4 h6 13. h4 Nbd7 14. Qc1 b6 15. Nh3 Bb7 16. Nf2 0-0-0 17. a5 b5 18. Bxb5 axb5 19. Nxb5 Qb8 20. a6 Bxa6 21. Nd4 Qxb1 22. Qxb1 exd4 23. Rh3 Ne5 24. Qa2 Bb7 25. g5 hxg5 26. Bxg5 Ng8 27. Bd2 Bxh4 28. Ra3 Bxf2+ 29. Kxf2 Rh2+ 30. Ke1 Rh1+ 31. Ke2 Rh2+ 32. Kd1 Nf6 33. Bf4 Rh1+ 34. Ke2 Nxe4 35. Bxe5 dxe5 36. Qc4 Rdh8 37. Rf3 R8h2+ 38. Kd3 Rd2+ 39. Kxe4 Re1+ 0-1

[Event "Seville op 40th"]
[Site "Seville"]
[Date "2015.02.01"]
[Round "9"]
[White "Fernandez Romero, Ernesto"]
[Black "Aranaz Portugues, Jose Carlos"]
[Result "1-0"]
[WhiteElo "2483"]
[BlackElo "2106"]
[PlyCount "79"]
[EventDate "2015.01.25"]
[EventType "swiss"]
[EventRounds "9"]
[EventCountry "ESP"]
[SourceTitle "CBM 164 Extra"]
[Source "ChessBase"]
[SourceDate "2015.03.02"]
[SourceVersion "1"]
[SourceVersionDate "2015.03.02"]
[SourceQuality "1"]

1. e4 e6 2. d4 d5 3. Nd2 Nf6 4. e5 Ng8 5. c3 c5 6. Bd3 Nc6 7. Ne2 Qb6 8. 0-0 cxd4 9. cxd4 Nxd4 10. Nxd4 Qxd4 11. Nf3 Qb6 12. Be3 Bc5 13. Bxc5 Qxc5 14. Rc1 Qb6 15. Qa4+ Bd7 16. Qg4 g6 17. Ng5 f5 18. exf6 Nxf6 19. Qh4 Ke7 20. Rfe1 Raf8 21. Rc2 h6 22. Nxe6 Bxe6 23. Rce2 g5 24. Rxe6+ Qxe6 25. Qb4+ Kf7 26. Rxe6 Kxe6 27. Qxb7 Rb8 28. Qc6+ Kf7 29. Qc7+ Ke6 30. Bg6 Rhf8 31. Qxa7 Nd7 32. g4 Kd6 33. Bf5 Ne5 34. Qa3+ Kc6 35. b4 Ra8 36. Qc3+ Nc4 37. Qd4 Rfd8 38. Qc5+ Kb7 39. b5 Rab8 40. Qc6+ 1-0

[Event "Lisbon Christmas op"]
[Site "Lisbon"]
[Date "2014.12.30"]
[Round "8"]
[White "Aranaz Portugues, Jose Carlos"]
[Black "Emberland, Even"]
[Result "1/2-1/2"]
[WhiteElo "2129"]
[BlackElo "1913"]
[PlyCount "105"]
[EventDate "2014.12.26"]
[EventType "swiss"]
[EventRounds "9"]
[EventCountry "POR"]
[SourceTitle "EXT 2018"]
[Source "ChessBase"]
[SourceDate "2017.10.13"]
[SourceVersion "1"]
[SourceVersionDate "2017.10.13"]
[SourceQuality "1"]

1. d4 Nf6 2. Bg5 Ne4 3. Bf4 d5 4. e3 e6 5. Bd3 Nf6 6. Ne2 Be7 7. Nd2 0-0 8. h3 c5 9. c3 b6 10. Rc1 Ba6 11. Bb1 Nc6 12. 0-0 Rc8 13. Re1 Bd6 14. Nf3 cxd4 15. cxd4 Bxe2 16. Qxe2 Bxf4 17. exf4 Ne7 18. Bd3 Rxc1 19. Rxc1 Qb8 20. g3 Rc8 21. Rc3 Rxc3 22. bxc3 Qc7 23. Qe1 Nc6 24. f5 exf5 25. Bxf5 Kf8 26. Kg2 Na5 27. Bd3 Nc4 28. Nh4 g6 29. Nf3 Qe7 30. Qc1 Ne4 31. Qc2 f5 32. Qb3 Nxf2 33. Bxc4 dxc4 34. Qxc4 Qe3 35. Qc8+ Kg7 36. Qc7+ Kh6 37. Qf4+ Qxf4 38. gxf4 Nd1 39. d5 Ne3+ 40. Kg3 Nxd5 41. c4 Nc7 42. Nd4 Kg7 43. Nc6 a6 44. Ne5 b5 45. cxb5 axb5 46. Kf3 Kf6 47. h4 Nd5 48. Nc6 h6 49. a3 g5 50. fxg5+ hxg5 51. hxg5+ Kxg5 52. Ne5 b4 53. axb4 1/2-1/2

[Event "Lisbon Christmas op"]
[Site "Lisbon"]
[Date "2014.12.30"]
[Round "9"]
[White "Represa Perez, Mireya"]
[Black "Aranaz Portugues, Jose Carlos"]
[Result "1/2-1/2"]
[WhiteElo "1772"]
[BlackElo "2129"]
[PlyCount "115"]
[EventDate "2014.12.26"]
[EventType "swiss"]
[EventRounds "9"]
[EventCountry "POR"]
[SourceTitle "EXT 2018"]
[Source "ChessBase"]
[SourceDate "2017.10.13"]
[SourceVersion "1"]
[SourceVersionDate "2017.10.13"]
[SourceQuality "1"]

1. e4 e6 2. d4 d5 3. Nc3 Nf6 4. e5 Ng8 5. f4 c5 6. Nf3 Nc6 7. Be3 Nh6 8. Qd2 Nf5 9. Bf2 cxd4 10. Nxd4 Ncxd4 11. Bxd4 Nxd4 12. Qxd4 Bd7 13. 0-0-0 Qa5 14. Kb1 Bc6 15. Qd2 Qb6 16. Ne2 Ba4 17. Nd4 Ba3 18. Nb3 Bb4 19. Qd4 Bxb3 20. axb3 0-0 21. Qxb6 axb6 22. c3 Be7 23. g3 Ra5 24. Bg2 Rfa8 25. c4 Rd8 26. cxd5 exd5 27. Rd3 d4 28. Rhd1 Rb5 29. Rxd4 Rxd4 30. Rxd4 Rxb3 31. Rd7 Kf8 32. Rxb7 g6 33. g4 Ba3 34. Rxf7+ Ke8 35. Bc6+ Kxf7 36. Bd5+ Kf8 37. Bxb3 Bc5 38. h3 Be3 39. f5 g5 40. Bc4 Bd4 41. e6 Ke7 42. Kc2 Kd6 43. b3 Bf6 44. Kd3 Kc5 45. Ke4 Kd6 46. Bf1 Kc5 47. Be2 Kc6 48. Kd3 Kd5 49. Bf3+ Ke5 50. Kc4 Kd6 51. Kb5 Kc7 52. b4 Be7 53. Kc4 Kd6 54. Kd4 Bf6+ 55. Kc4 Be7 56. Kb5 Kc7 57. Kc4 Kd6 58. Kd4 1/2-1/2

[Event "San Sebastian op 36th"]
[Site "San Sebastian"]
[Date "2013.03.24"]
[Round "2"]
[White "Aranaz Portugues, Jose Carlos"]
[Black "Vazquez Igarza, Renier"]
[Result "0-1"]
[WhiteElo "2164"]
[BlackElo "2557"]
[PlyCount "90"]
[EventDate "2013.03.23"]
[EventType "swiss"]
[EventRounds "9"]
[EventCountry "ESP"]
[SourceTitle "CBM 153 Extra"]
[Source "ChessBase"]
[SourceDate "2013.04.22"]
[SourceVersion "1"]
[SourceVersionDate "2013.04.22"]
[SourceQuality "1"]

1. d4 e6 2. e4 d5 3. Nc3 Bb4 4. e5 Qd7 5. a3 Bxc3+ 6. bxc3 b6 7. Bd3 Ba6 8. Qe2 Qa4 9. Rb1 Ne7 10. Bb5+ Bxb5 11. Qxb5+ Qxb5 12. Rxb5 Nbc6 13. Bg5 Nc8 14. Nf3 h6 15. Bc1 Na5 16. Ke2 Kd7 17. Kd3 c6 18. Rb1 Nc4 19. h4 f6 20. h5 b5 21. Rh3 Ne7 22. Rg3 Rh7 23. a4 a6 24. Ra1 Ke8 25. exf6 gxf6 26. Nh2 Kf7 27. Ng4 Nf5 28. Rh3 e5 29. f3 Rhh8 30. Nf2 a5 31. g4 Nfd6 32. Ke2 Rae8 33. dxe5 fxe5 34. Rh1 Re6 35. Nd3 e4 36. Nf4 Rf6 37. fxe4 Re8 38. Kf3 Nxe4 39. axb5 Ned2+ 40. Bxd2 Nxd2+ 41. Kg3 Re3+ 42. Kh4 Nf3+ 43. Kg3 Ne5+ 44. Kf2 Re4 45. Rxa5 Rfxf4+ 0-1

[Event "Seville-ch"]
[Site "Seville"]
[Date "2013.01.26"]
[Round "1"]
[White "Morales Cano, Carlos"]
[Black "Aranaz Portugues, Jose Carlos"]
[Result "0-1"]
[WhiteElo "1834"]
[BlackElo "2147"]
[PlyCount "62"]
[EventDate "2013.01.26"]
[EventType "swiss"]
[EventRounds "6"]
[EventCountry "ESP"]
[SourceTitle "EXT 2014"]
[Source "ChessBase"]
[SourceDate "2013.11.20"]
[SourceVersion "1"]
[SourceVersionDate "2013.11.20"]
[SourceQuality "1"]

1. d4 e6 2. e4 d5 3. exd5 exd5 4. Bd3 c5 5. dxc5 Bxc5 6. Nf3 Nf6 7. 0-0 0-0 8. Nbd2 Bg4 9. Nb3 Bb6 10. Bg5 Nbd7 11. c3 h6 12. Bh4 Ne5 13. Be2 Ng6 14. Bxf6 Qxf6 15. Nfd4 Bxe2 16. Nxe2 Rfe8 17. Nbd4 Re7 18. Qd2 Rae8 19. Rad1 a6 20. Kh1 Bc7 21. Ng3 Nf4 22. Ndf5 Re2 23. Qc1 R2e6 24. Nd4 Re5 25. Nf3 R5e7 26. Nd4 h5 27. Qc2 g5 28. Rd2 h4 29. Nge2 Nxe2 30. Rxe2 Rxe2 31. Nxe2 Qe5 0-1

[Event "ESP-chT CECLUB Div2 Gp2"]
[Site "Burguillos"]
[Date "2012.08.12"]
[Round "6.3"]
[White "Aranaz Portugues, Jose Carlos"]
[Black "Herrera Delgado, Alejandro"]
[Result "0-1"]
[WhiteElo "2176"]
[BlackElo "2309"]
[PlyCount "70"]
[EventDate "2012.08.08"]
[EventType "team-swiss"]
[EventRounds "6"]
[EventCountry "ESP"]
[SourceTitle "CBM 149 Extra"]
[Source "ChessBase"]
[SourceDate "2012.08.24"]
[SourceVersion "1"]
[SourceVersionDate "2012.08.24"]
[SourceQuality "1"]
[WhiteTeam "Alekhine Espartinas"]
[BlackTeam "Oromana"]
[WhiteTeamCountry "ESP"]
[BlackTeamCountry "ESP"]

1. d4 g6 2. e4 Bg7 3. Be3 d6 4. Qd2 a6 5. Be2 Nd7 6. h4 Ngf6 7. Bf3 h5 8. Nh3 Ng4 9. Bg5 c5 10. c3 Qb6 11. Nf4 Ndf6 12. a4 0-0 13. 0-0 Re8 14. Rd1 Qa7 15. Na3 cxd4 16. cxd4 e5 17. dxe5 dxe5 18. Nd5 Nxd5 19. exd5 e4 20. Bxg4 Bxg4 21. Be3 Qb8 22. Rdc1 b5 23. Rc6 Qe5 24. Rb1 Bd7 25. Rc5 Rac8 26. axb5 Rxc5 27. Bxc5 axb5 28. Nc2 Kh7 29. Ne3 f5 30. b4 f4 31. Nf1 Qf5 32. Rb3 Re5 33. Bd6 e3 34. fxe3 Rxd5 35. e4 Rxd2 0-1

[Event "Barbera del Valles op 35th"]
[Site "Barbera del Valles"]
[Date "2012.07.06"]
[Round "3"]
[White "Miller, Jake"]
[Black "Aranaz Portugues, Jose Carlos"]
[Result "1-0"]
[WhiteElo "2060"]
[BlackElo "2189"]
[PlyCount "119"]
[EventDate "2012.07.04"]
[EventType "swiss"]
[EventRounds "9"]
[EventCountry "ESP"]
[SourceTitle "CBM 149 Extra"]
[Source "ChessBase"]
[SourceDate "2012.08.24"]
[SourceVersion "1"]
[SourceVersionDate "2012.08.24"]
[SourceQuality "1"]

1. e4 c6 2. Nf3 d5 3. Nc3 Bg4 4. d4 dxe4 5. Nxe4 Bxf3 6. Qxf3 Qxd4 7. Bd3 Nf6 8. Be3 Qb4+ 9. c3 Qa5 10. 0-0 Nbd7 11. b4 Qc7 12. Bf4 e5 13. Nxf6+ gxf6 14. Be3 Be7 15. Rad1 Nb6 16. Bf5 Nd5 17. c4 Nxe3 18. Bd7+ Kf8 19. fxe3 Rd8 20. Qh3 Rg8 21. Rf3 Rg6 22. c5 Kg7 23. e4 b6 24. Rfd3 bxc5 25. Bf5 Rxd3 26. Rxd3 cxb4 27. Kh1 Qb6 28. Bxg6 hxg6 29. Qf3 Qc5 30. h4 Qc1+ 31. Rd1 Qh6 32. g3 a5 33. Kg2 a4 34. Qd3 Bc5 35. Qc4 Bd4 36. Qxb4 Qe3 37. Qe1 Qa3 38. Qe2 c5 39. Rf1 Qc3 40. Qf3 Qb2+ 41. Kh1 Qb6 42. h5 Qc6 43. Qxf6+ Qxf6 44. h6+ Kxh6 45. Rxf6 c4 46. Rxf7 c3 47. Rc7 Kg5 48. Rc6 Kh6 49. Kg2 Kg7 50. Kf3 Kf7 51. Ke2 Kg7 52. Ra6 a3 53. Rxa3 c2 54. Kd2 Kf6 55. Kxc2 Kg7 56. Kd2 Kf7 57. Ke2 Kg7 58. Rd3 Kh6 59. Rxd4 exd4 60. e5 1-0